000 01217cas a2200157 4500
008 160802n eng u
022 _a19403461
035 _a(Sirsi) a197018
050 _ahttp://www.jstor.org/journal/middeastj
245 _aMiddle East Journal
260 _aJSTOR
310 _aQuarterly
362 _aVol. 1, No. 1, 1947 - Vol.66, No. 4, 2012
520 _aThe Middle East Journal explores the region's political and economic development, cultural and literary heritage, and ethnic and religious diversity. Published quarterly since 1947, the peer-reviewed Journal provides objective research and analysis on the region, on the area from Morocco to Pakistan and including Central Asia. The Journal's articles and book reviews come from renowned scholars and foreign policy analysts, and present some of the most respected voices in the field of Middle Eastern studies. Its Chronology, continuously maintained since 1946, is a valuable resource for scholars and students. The Journal provides the background necessary for an understanding and appreciation of the region's political and economic development, cultural heritage, and ethnic and religious diversity.
650 _aMiddle East Studies
999 _c4937
_d4937